[Event "Syre Memorial op 27th"]
[Site "Issy les Moulineaux"]
[Date "2004.05.21"]
[Round "3"]
[White "Taleb, Radouane"]
[Black "Duffau, Pascal"]
[Result "1/2-1/2"]
[WhiteElo "1850"]
[BlackElo "2125"]
[PlyCount "46"]
[EventDate "2004.05.20"]
[EventType "swiss"]
[EventRounds "6"]
[EventCountry "FRA"]
[SourceTitle "CBM 100 Extra"]
[Source "ChessBase"]
[SourceDate "2004.07.06"]
[SourceVersion "2"]
[SourceVersionDate "2004.07.06"]
[SourceQuality "1"]

1. d4 Nf6 2. Bg5 d5 3. Bxf6 exf6 4. c4 Bb4+ 5. Nc3 0-0 6. e3 c5 7. cxd5 Qxd5 8. a3 Bxc3+ 9. bxc3 Re8 10. Nf3 cxd4 11. Qxd4 Qa5 12. Qb4 Qc7 13. Bb5 Bd7 14. Nd4 Nc6 15. Bxc6 Bxc6 16. Nxc6 Qxc6 17. 0-0 Re4 18. Qb3 Rg4 19. g3 Rc4 20. Rac1 Rc8 21. Rfd1 g6 22. Rd4 Rxd4 23. exd4 Qf3 1/2-1/2